Historia - wiedza ogólna #10 - Statystyki

Ogólne statystyki
  • Ten quiz został rozwiązany 209 razy
    47 od ostatniego zresetowania
  • Średni wynik to 12 z 20
Statystyki odpowiedzi
Pytanie Odpowiedź % Poprawnych
Który znany dyktator miał podobne wąsy do Charliego Chaplina? Adolf Hitler
98%
Który kompozytor zmarł w Wiedniu w 1791 r., mając 35 lat? Wolfgang Amadeusz Mozart
88%
Dokończ powiedzenie, które powstało po bitwie pod Koźminem. "Za króla Olbrachta wyginęła {szlachta}"
84%
Która roślina, sprowadzona z Nowego Świata, całkowicie odmieniła włoską kuchnię? Pomidor
79%
Która międzynarodowa organizacja, założona po I wojnie światowej, była nieudanym poprzednikiem ONZ? Liga Narodów
77%
Które historyczne państwo było znane jako СССР w swoim ojczystym języku? ZSRS
77%
Które afrykańskie państwo zostało najechane przez Włochów w 1935 r? Etiopia
74%
Które współczesne państwo było niegdyś własnością prywatną króla Belgii Leopolda II Koburga? Demokratyczna Republika Konga
72%
Który polski żołnierz podjął się dobrowolnego uwięzienia w Auschwitz, aby zebrać informacje o obozie i przekazać je aliantom, który został stracony 25 maja 1948 r? Witold Pilecki
72%
Które miasto naziści oblegali 872 dni, lecz nigdy go nie zdobyli? Leningrad
67%
Jak nazywa się niemieckie królestwo, którym rządził Ludwik II, budowniczy słynnego zamku Neuschwanstein? Bawaria
51%
Które zwierzę często wykorzystywano do upuszczania krwi w celach medycznych? pijawka lekarska
49%
Kto zamordował arcyksięcia Franciszka Ferdynanda 28 czerwca 1914 r? Gavrilo Princip
47%
Który przemysłowiec dzięki monopolowi w amerykańskim przemyśle naftowym został pierwszym na świecie miliarderem (w dolarach)? John D. Rockefeller
44%
Który maoistowski program gospodarczy spowodował klęskę głodu, w wyniku której zginęło co najmniej 20 milionów ludzi? {Wielki} {skok} naprzód
42%
Co w 1848 r. odkryto w kalifornijskim Młynie Suttera? Złoto
40%
Która religia była de facto religią państwową Achemenidzkiego Imperium Perskiego? wskazówka: zaczyna się na Z Zaratusztrianizm
37%
Kto był prekursorem stoicyzmu? Zenon z Kition
33%
Kto zamordował Johna F. Kennedy'ego 22 listopada 1963 r? Lee Harvey Oswald
30%
Czym był LZ 129 Hindenburg? Sterowcem
28%
Nie znaleziono quizów pasujących do podanych kryteriów
Rozkład punktacji
Procent ludzi z każdym wynikiem
Percentyl według liczby udzielonych odpowiedzi
Twoja historia wyników
Nie rozwiązałeś tego quizu od ostatniego zresetowania